000 00290nam a22001217a 4500
041 _aENG
100 _aMohan.S.C
245 _aTraining Manual Soil Conservation & Watershed Management Vol 1
260 _aDehadun.
_bICER
_c2007
300 _a330
650 _aSWCE
856 _uSWCE ( 24 )
999 _c1830
_d1830